Season 7 SNL Hosts by Picture - Statistics

General Stats
  • This quiz has been taken 28 times
  • The average score is 7 of 19
Answer Stats
Picture Answer % Correct
Bill Murray
96%
Danny DeVito
85%
Johnny Cash
77%
Olivia Newton-John
69%
John Madden
65%
Tim Curry
65%
Bernadette Peters
38%
George Kennedy
31%
Robert Urich
31%
Bruce Dern
27%
James Coburn
23%
Blythe Danner
15%
Lauren Hutton
15%
Daniel J Travanti
8%
Donald Pleasence
8%
Robert Conrad
8%
Robert Culp
8%
Susan Saint James
8%
Elizabeth Ashley
4%
No matching quizzes found
Score Distribution
Percent of People with Each Score
Percentile by Number Answered
Your Score History
You have not taken this quiz